000 00552nam a2200217Ia 4500
008 210210b1998 xxu||||| |||| 00| 0 eng d
020 _a0134599918
082 _a576.15 SYLP
100 _aSYLVIA (David M) and others. Eds.
245 _aPrinciples and applications of soil microbiology
260 _aNew Jersey.
_bPrentice Hall.,
_c1998
300 _axxii,550
650 _asoil
650 _aPrinciples
650 _aof
650 _amicrobiology
650 _aapplications
650 _aand
690 _aMicrobiology
906 _a052866
999 _c100942
_d100942